000 00388nam a2200181Ia 4500
005 20250603144823.0
008 250603s9999 xx 000 0 und d
020 _a9753151578
050 _aBP 183.3 .G85/
100 _aGülen, Fethullah
245 0 _aDua ufku
260 _aİstanbul
260 _bNil
260 _c2007
300 _a136 p
650 _aİstanbul
942 _cBK
999 _c40050
_d40050